El Parlar de la Codonyera : resultats d'unes enquestes / A. Quintana i Font resultats d'unes enquestes / A. Quintana i Font
Descripción Física:
253 p. ; 25 cm
MARC
| LEADER | 00000nam a2200000Ia 4500 | ||
|---|---|---|---|
| 001 | 11437 | ||
| 008 | 160829s1976 - 1980 xx 000 0 cat d | ||
| 080 | |a L-1-24 | ||
| 100 | |a Quintana, Artur |9 25932 | ||
| 245 | |a El Parlar de la Codonyera : |b resultats d'unes enquestes / A. Quintana i Font | ||
| 260 | |a Barcelona : |b Institut d'Estudis Catalans, |c 1976 - 1980 | ||
| 300 | |a 253 p. ; |c 25 cm | ||
| 590 | |a Premi Nicolau d'Olwer, 1973. | ||
| 590 | |a Extret d'Estudis Romànics, XVII | ||
| 650 | |a Codonyera (Terol) |x Dialectologia |9 25933 | ||
| 650 | |a Català |x Codonyera (Terol) |9 25934 | ||
| 710 | 2 | |a Institut d'Estudis Catalans |9 52284 | |
| 901 | |a Arxiu | ||
| 942 | |n 1 | ||
| 952 | |0 0 |1 0 |4 0 |6 L124 |7 1 |9 43828 |a Arxiu |b Arxiu |d 2016-12-01 |l 0 |o L-1-24 |p 11437 |r 2016-12-01 00:00:00 |w 2016-12-01 |y ARXIU | ||
| 999 | |c 46407 |d 46407 | ||